Statistics for A -Z Countries in their Native Language

Click here to take the quiz!

General Stats

  • This quiz has been taken 54 times
  • The average score is 20 of 25

Answer Stats

LetterCountries% Correct
BBahamas | Bangladesh | Barbados | Belarus | Bielarus | Belgie | Belgique | Belgien | Belize | Benin | Bolivia | Buliwya | Bosnia i Hercegovina | Botswana | Brasil | Brunei | Bulgariya | Balgarija | Burkina Faso | Burundi | Bharot | Bharat | Bharata | Bharatam | Bharoto | Barata | Bharatadesam | Bukchosŏn | Belau
100%
AAfghanestan | Andorra | Angola | Antigua and Barbuda | Argentina | Australia | Azerbaycan | Al-Bahrayn | Al-Jazā'ir | Ayiti | Al-'Iraq | Al-'Urdun | Agawec | Amerruk | Al-magréb | Aotearoa | Al-Mamlaka Al-‘Arabiyyah as Sa‘ūdiyyah | aş-Şūmāl | Afrika-Borwa | Aforika Borwa | Afurika Tshipembe | Afrika Dzonga | As-Sudan | Al-’Imārat Al-‘Arabiyyah Al-Muttaḥidah | An Rywvaneth Unys | ‘Amelika Hui Pū ‘ia | Al-Yaman
98%
UUburundi | Umān | uMzantsi Afrika | Uganda | Ukraїna | United Kingdom | Unitit Kinrick | United States | Uruguay
96%
EEcuador | El Salvador | Guinea Ecuatorial | Guinée équatoriale | Guiné Equatorial | Ertra | Eesti | Eswatini | Ellada | Eire | Elmegrib | España | Espanya | Espania | Espanha | États-Unis | Estados Unidos
94%
FFiji | Finland | France | Federated States of Micronesia | Filasṭīn
94%
CCameroon | Cameroun | Canada | Cabo Verde | Chile | Colombia | Comores | Costa Rica | Côte d'Ivoire | Cuba | Česká republika | Cesko | Chosŏn | Crna Gora | Civitas Vaticana | Città del Vaticano
92%
HHayastan | Hrvatska | Hellas | Haiti | Honduras | Hanguk
92%
IIritriya | Ityop'ia | Island | India | Indonesia | Iran | Iraq | Ireland | Israʼiyl | Italia | il-ikwet | iNingizimu Afrika | iSewula Afrika
92%
SShqipëria | Suomi | Sak'art'velo | Severna Makedonija | Saint Kitts and Nevis | Saint Lucia | Saint Vincent and the Grenadines | Sāmoa | San Marino | São Tomé e Príncipe | Sénégal | Srbija | Sesel | Seychelles | Sierra Leone | Singapura | Singapore | Xīnjiāpō | Singapur | Slovensko | Slovenija | Solomon Islands | Solomon Aelan | Soomaaliya | South Africa | Suid-Afrika | South Sudan | Sudan Kusini | Sri Lankā | Suriname | Sverige | Schweiz | Suisse | Svizzera | Svizra | Svizra
92%
DDzayer | Druk Yul | Danmark | Djibouti | Dominica | Deutschland | Dawlat ul-Kuwayt | Dhivehi Raajje
90%
NNgola | Nihon | Nippon | Namhan | Namibia | Nauru | Naoero | Nepāl | Nederland | Nederlân | New Zealand | Nicaragua | Niger | Nigeria | Nijeriya | Naigeria | Nàìjíríà | Norge | Noreg
90%
PPākistān | Panamá | Papua New Guinea | Papua Niugini | Paraguay | Paraguái | Perú | Piruw | Pilipinas | Philippines | Polska | Portugal | Paguot Thudän | Prathet Thai
90%
TTchad | Tsad | Timor Lorosa'e | Timor-Leste | Táiwān | Tojikistan | Tanzania | Thai | Togo | Tonga | Trinidad and Tobago | Tunes | Tūns | Türkiye | Türkmenistan | Tuvalu
90%
LLao | Latvija | Lubnān | Liban | Lesotho | Liberia | Libya | Lībiyā | Liechtenstein | Lietuva | Luxembourg | Luxemburg | Lëtzebuerg
88%
MMisr | Masr | Magyarország | Macau | Madagascar | Madagasikara | Malaŵi | Malaysia | Mǎláixīyà | Malēṣiyā | Mali | Malta | Muritan | Mauritius | Maurice | Moris | México | Mēxihco | Moldova | Monaco | Múnegu | Mongol Uls | Moçambique | Myanma
88%
ZZhōngguó | Zhōnghuá Rénmín Gònghéguó | Zhōnghuá Mínguó | Zambia | Zimbabwe
88%
QQazaqstan | Qaṭar
86%
GGambia | Ghana | Gaana | Gana | Grenada | Guatemala | Guinee | Gine | Guiné-Bissau | Guyana
84%
RRepublique Centrafricaine | Republique du Congo | Republíki ya Kongó | République démocratique du Congo | Republíki ya Kongó Demokratíki | Republica Dominicana | République gabonaise | România | Rossiya | Rossiâ | Rwanda | Ratcha-anachak | Rìoghachd Aonaichte | Ríocht Aontaithe
84%
VVolivia | Viti | Vanuatu | Venezuela | Việt Nam
84%
KKampuchea | Ködörösêse tî Bêafrîka | Komori | Kypros | Kibris | Kazakhstan | Kenya | Kiribti | Kosovo | Kosova | Kocobo | Kyrgyzstan | Kirgizija
82%
JJuzur al-Qamar | Jamhuri ya Kidemokrasia ya Kongo | Jībūtī | Jamaica
69%
OÖsterreich | Oumún | O‘zbekiston
39%
YYisra'el | Y Deyrnas Unedig
6%
WWuliwya
2%

Score Distribution

Percentile by Number Answered

Percent of People with Each Score

Your Score History

You have not taken this quiz